| 000 | 00751nam a22002537a 4500 | ||
|---|---|---|---|
| 005 | 20170123162327.0 | ||
| 010 | _aB-069899 | ||
| 020 | _c65.00 | ||
| 035 | _aB-069899 | ||
| 037 | _bCen Lib/Ret | ||
| 040 |
_aDPL _bUR |
||
| 082 |
_aن _bا ے آ |
||
| 100 |
_aاے-آر-خاتون _9119980 |
||
| 245 |
_aثمر / _cاے-آر-خاتون |
||
| 246 |
_aSamar / _bby A.R. Khatoon |
||
| 260 |
_a دہلی _bہمانشو پبلکشنس |
||
| 270 |
_b دہلی _aوشواس انکلیو پتمپر _e110034 |
||
| 300 |
_a104p. _c19cm(Hb) |
||
| 650 |
_aاردو ادب _9141774 |
||
| 650 |
_aاردو ناول _9141775 |
||
| 650 |
_aUrdu lierature _9141776 |
||
| 650 |
_aUrdu novel _9141777 |
||
| 942 |
_2ddc _cUR _hن _mا ے آ |
||
| 999 |
_c107540 _d107540 |
||